| Tag |
First Indicator |
Second Indicator |
Subfields |
| LEADER |
00000cam a2200000 a 4500 |
| 001 |
in00000036317 |
| 005 |
20151007055437.0 |
| 008 |
871106s1988 nyuacf 00010beng |
| 010 |
|
|
|a 87033263
|
| 020 |
|
|
|a 0689118864
|
| 035 |
|
|
|a (OCoLC)17104525
|
| 035 |
|
|
|9 AAB8263AM
|
| 040 |
|
|
|a DLC
|c DLC
|d TXA
|d UtOrBLW
|
| 049 |
|
|
|a TXAM
|c [A11507389]
|
| 050 |
0 |
0 |
|a PR6029.C33
|b Z7823 1988
|
| 082 |
0 |
|
|a 822/.912
|a B
|2 19
|
| 100 |
1 |
|
|a O'Connor, Garry.
|
| 245 |
1 |
0 |
|a Sean O'Casey, a life /
|c Garry O'Connor.
|
| 264 |
|
1 |
|a New York :
|b Atheneum,
|c 1988.
|
| 300 |
|
|
|a 448 pages, 8 unnumbered leaves of plates :
|b illustrations, portraits ;
|c 25 cm.
|
| 336 |
|
|
|a text
|b txt
|2 rdacontent
|
| 337 |
|
|
|a unmediated
|b n
|2 rdamedia
|
| 338 |
|
|
|a volume
|b nc
|2 rdacarrier
|
| 600 |
1 |
0 |
|a O'Casey, Sean,
|d 1880-1964.
|
| 650 |
|
0 |
|a Dramatists, Irish
|y 20th century
|v Biography.
|
| 999 |
|
|
|a MARS
|
| 999 |
f |
f |
|s de8a8309-a7b8-39f0-8908-0dd6f8c5783a
|i b88c2e19-e3a8-3e58-b147-a9da5ad8e40e
|t 0
|
| 952 |
f |
f |
|p normal
|a Texas A&M University
|b College Station
|c Sterling C. Evans Library
|d Evans: Library Stacks
|t 0
|e PR6029.C33 Z7823 1988
|h Library of Congress classification
|i unmediated -- volume
|m A14811507389
|
| 998 |
f |
f |
|a PR6029.C33 Z7823 1988
|t 0
|l Evans: Library Stacks
|